| 000 | 00541nam a2200181Ia 4500 | ||
|---|---|---|---|
| 003 | OSt | ||
| 005 | 20200121114600.0 | ||
| 008 | 190216s9999||||xx |||||||||||||| ||und|| | ||
| 020 | _a8125907815 | ||
| 040 | _coclc | ||
| 082 |
_a658.3 _bGHO/H |
||
| 100 |
_aGhosh, Biswanath _91371 |
||
| 245 | 0 |
_aHuman Resource Development And Management / _cBiswanath Ghosh |
|
| 260 |
_bVikas Publications, _c2002. _aNew Delhi: |
||
| 300 | _a360p | ||
| 650 | _aHuman Resource Management | ||
| 942 |
_cBK _2ddc _h658.3 _iGHO/H _k658.3 _mGHO/H |
||
| 999 |
_c6578 _d6578 |
||